| 000 | 01281nam a2200217 u 4500 | ||
|---|---|---|---|
| 001 | 000464668 | ||
| 003 | AM-YeHGA | ||
| 005 | 20250617133700.0 | ||
| 008 | 051118s1989 ||| r ||| 0 rus d | ||
| 040 | _aAM-YeHGA | ||
| 041 | 0 | _arus | |
| 245 | 0 | 0 |
_aСовершенствование информационно-библиографического обслуживания ученых и специалистов : _bСб. науч. тр. / _cАН СССР, Сиб. отд-ние, ГПНТБ; Редкол.: Б.С. Елепов (отв. ред.) и др. |
| 260 |
_aНовосибирск : _bГПНТБ, _c1989. |
||
| 300 | _a146 с. | ||
| 504 | _aБиблиогр. в конце ст. | ||
| 653 | 0 | _aНаучно-технические библиотеки - Информационно-библиографическая работа - Сборники | |
| 653 | 0 | _aБиблиотеки научно-технические - Информационно-библиографическая работа | |
| 700 | 1 |
_aЕлепов, Борис Степанович _eред. _4edt |
|
| 710 | 2 |
_aГосударственная публичная научно-техническая библиотека АН СССР _bСибирское отделение |
|
| 090 | _c170869 | ||
| 999 |
_c169436 _d169436 |
||